00350nam a2200121Ia 4500008004100000020001800041082001600059100002100075245002200096260007600118300002000194490001400214250529s9999 xx 000 0 und d a9789991569420 a891.4891NIY aIzza Ahmed Niyaz 0aIzzathuge lhentha aMale'bDhivehi Bahaai Thaareekhah Khidhumaiykuraa Qaumee Marukazuc2020 a107 p. ; 21 cm. vMalas 104